|
|
|
|
| LEADER |
00856cam a2200253 7i4500 |
| 001 |
0000035168 |
| 005 |
20181017090000.0 |
| 007 |
##ta |
| 008 |
180918t20182018nyua b i100 0 eng |
| 020 |
# |
# |
|a 9789211129243
|
| 040 |
# |
# |
|a MATR
|
| 090 |
0 |
0 |
|a AFRI 338.47916
|b ECO
|
| 111 |
2 |
# |
|a United Nations Conference on Trade and Development
|
| 245 |
0 |
0 |
|a Economic Development in Africa Report 2018 :
|b Migration for Structural Transformation.
|
| 264 |
# |
4 |
|a ♭2018.
|
| 264 |
# |
1 |
|a New York:
|b United Nations Publication,
|c 2018.
|
| 300 |
# |
# |
|a xxii, 178 pages:
|b maps;
|c 21 cm.
|
| 336 |
# |
# |
|a text
|2 rdacontent
|
| 337 |
# |
# |
|a unmediated
|2 rdamedia
|
| 338 |
# |
# |
|a volume
|2 rdacarrier
|
| 504 |
# |
# |
|a Includes bibliographical references
|
| 650 |
# |
0 |
|a Economic development --
|z Africa
|
| 650 |
# |
0 |
|a Tourism --
|z Africa
|
| 999 |
|
|
|a 0000040347
|b Book
|c Countries
|e Business Information Centre
|